Bociany sa vracajú

Bibliographic Details
Other Authors: Hoľma, Ján (Photographer)
Format: Article
Language:Slovak
Subjects:

MARC

LEADER 00000nab a2200000 a 4500
001 vtls009489516
003 SK-MaSNL
005 20260303165738.0
008 090402c2009 xo br pe 000 0 slo
015 |a SNBRB2009/04 
038 |a PPPKCL 
040 |a PPPKCL  |b slo  |c PPPK  |e AACR2 
041 0 |a slo 
044 |a xo  |c SK 
080 |a 598.244.2  |2 2001 
080 |a 591.5  |2 2001 
080 |a 591.521  |2 2001 
100 1 |a Hoľma, Ján  |4 pht  |9 424453 
245 1 0 |a Bociany sa vracajú  |c text a snímky Ján Hoľma 
300 |b Fotogr. 
650 0 7 |a sťahovavé vtáky  |2 pppkcl  |9 22867 
650 0 7 |a bocian biely  |2 pppkcl  |9 29472 
650 0 7 |a bocian čierny  |2 pppkcl  |9 29473 
650 0 7 |a hniezdiská  |2 pppkcl  |9 4380 
650 0 7 |a bionómia  |2 pppkcl  |9 84176 
773 0 |t Tatry : dvojmesačník Štátnych lesov Tatranského národného parku v Tatranskej Lomnici  |g Roč. XXXXVIII, č. 2 (2009), s. 11  |x 1335-6828 
852 |a PPPK  |b KIS3GCP 
999 |c 2073521  |d 2075451